000 01000cam a22003375a 4500
999 _c27219
_d27190
001 016234169
003 EG-ScBUE
005 20190307130836.0
008 121210r20182013enk frb 001 0 eng d
015 _aGBB2C8219
_2bnb
016 7 _a016234169
_2Uk
020 _a9781780937564 (pbk.)
040 _aStDuBDS
_beng
_cStDuBDS
_dUk
_dEG-ScBUE
082 0 4 _a340.1
_bDWO
_222
100 1 _aDworkin, Ronald.
245 1 0 _aTaking rights seriously /
_cRonald Dworkin.
250 _aNew ed., Reprinted ed.
260 _aLondon ;
_aNew York :
_bBloomsbury Academic,
_c2018.
300 _a444 p. ;
_c22 cm.
490 0 _aBloomsbury revelations
500 _aReprint of the 2013 ed.
504 _aIncludes bibliographical references and index.
650 7 _aLaw
_xPhilosophy.
_2BUEsh
650 7 _aJurisprudence.
_2BUEsh
650 7 _aPolitical rights.
_2BUEsh
650 7 _aLegal positivism.
_2BUEsh
651 _2BUEsh
653 _bLLAAWW
_cMarch2019
655 _vReading book
942 _2ddc